00515 2200169 4500001002100000005001500021008004100036020002700077035001900104041000800123082000800131084003000139245007900169650002300248650002100271650005300292INLIS00000000000836620200508204345200508||||||||| | ||| |||| ||ind|| aISBN xxx-xxxxx-x-x-112 0010-0520008366 aind0 aPUT aPUT/342.070959812/PUR/C.200aPerselisihan hasil Pemilihan Umum DPD 2004 Daerah Pemilihan Sumatera Utara 0aElections-Indonsia 0aVoting-Indonesia 0aLegislative Bodies-Indonesia-sumatera utara.2004